Reasons to be cheerful: local land and property gazetteer implementation (Record no. 67092)

MARC details
000 -LEADER
fixed length control field 01060cam a2200241 4500
001 - CONTROL NUMBER
control field ABS63993
008 - FIXED-LENGTH DATA ELEMENTS--GENERAL INFORMATION
fixed length control field 000000n2001 000 0 eng u
035 ## - SYSTEM CONTROL NUMBER
System control number (Sirsi) u112701
100 ## - MAIN ENTRY--PERSONAL NAME
Personal name Cridland, P
245 ## - TITLE STATEMENT
Title Reasons to be cheerful: local land and property gazetteer implementation
260 ## - PUBLICATION, DISTRIBUTION, ETC.
Date of publication, distribution, etc. 2001
490 ## - SERIES STATEMENT
Series statement BURISA
Volume/sequential designation (147) April 2001, 8-11(4)
520 ## - SUMMARY, ETC.
Summary, etc. [TAKEN FROM JOURNAL HEADNOTE] This paper describes the creation of a BS 7666 compliant gazetteer through the address matching processes offered through the IDeA and through a contract let for the creation of the property extent boundaries. The factors leading to the land and property gazetteer (LPG) creation are examined, as are the processes for integrating the gazetteer with service based systems.
590 ## - LOCAL NOTE (RLIN)
Local note ABS
650 ## - SUBJECT ADDED ENTRY--TOPICAL TERM
Topical term or geographic name entry element BS 7666
650 ## - SUBJECT ADDED ENTRY--TOPICAL TERM
Topical term or geographic name entry element DIRECTORIES
650 ## - SUBJECT ADDED ENTRY--TOPICAL TERM
Topical term or geographic name entry element ADDRESSES
650 ## - SUBJECT ADDED ENTRY--TOPICAL TERM
Topical term or geographic name entry element LAND AND PROPERTY GAZETTEER
650 ## - SUBJECT ADDED ENTRY--TOPICAL TERM
Topical term or geographic name entry element Boundary disputes
9 (RLIN) 6221
650 ## - SUBJECT ADDED ENTRY--TOPICAL TERM
Topical term or geographic name entry element DATA
690 ## - LOCAL SUBJECT ADDED ENTRY--TOPICAL TERM (OCLC, RLIN)
Topical term or geographic name as entry element MANAGEMENT-BUSINESS MANAGEMENT-INFORMATION MANAGEMENT
942 ## - ADDED ENTRY ELEMENTS (KOHA)
Suppress in OPAC 0
Holdings
Withdrawn status Lost status Source of classification or shelving scheme Damaged status Not for loan Home library Current library Shelving location Date acquired Total Checkouts Full call number Barcode Date last seen Copy number Price effective from Koha item type
    Dewey Decimal Classification     London London Journal article 22/05/2001   ABS63993 112701-1001 06/08/2019 1 06/08/2019 Journal article